Obytné prostredie ako architektonický problém

Bibliographic Details
Main Author: Gebauer, Tibor, 1931-1985 (Author)
Format: Article
Language:Slovak
PhysicalDescription:Obr. 24.
Subjects:

MARC

LEADER 00000nab a2200000 a 4500
001 vtls000083088
003 SK-MaSNL
005 20260304074231.0
008 250422c1981 xo 0 slo
015 |a SNBRB19rr/mm-uuuuu 
035 |a CL0093190 
035 |a urn:nbn:sk:snk-abdkri 
035 |a (urnnbn)urn:nbn:sk:snk:ar-001wgq 
035 |a (uuid)9979296a-5309-490e-b311-5205ac5bc3b3 
040 |a SNKBUCL  |b slo  |c SNKBUCL  |e AACR2 
041 0 |a slo 
044 |a xo  |c SK 
080 |a 727  |2 1981 
100 1 |a Gebauer, Tibor,  |d 1931-1985  |4 aut  |9 170704 
245 1 0 |a Obytné prostredie ako architektonický problém  |c Tibor Gebauer 
300 |b Obr. 24. 
500 |a Článok je uvedený v rus., franc., angl. a špan. 
650 0 7 |a budovy obytné  |2 snkbucl  |9 441993 
655 7 |a články z novín a časopisov  |2 snkbucl  |9 267496 
773 0 |t Projekt  |g Roč. 23, č. 3 (1981), s. 35-43 
850 |a Slovenská národná knižnica 
852 |a Slovenská národná knižnica 
954 |a odborná, vedecká literatúra pôvodná (slovenská)  |2 lita 
957 |a 5100 
958 |a article19 
958 |a RK 
958 |a OND 
958 |a EUIPO 
992 |a RBX 
999 |c 2775314  |d 2777244